000 00469cam a2200145 4500500
005 20251012032622.0
041 _afre
042 _adc
100 1 0 _aRomano de Sant’Anna, Affonso
_eauthor
245 0 0 _aRodrigues Lapa, seu jovem aluno e um soneto de Camões
260 _c2008.
500 _a21
786 0 _nSigila | 21 | 1 | 2008-06-20 | p. 199-209 | 1286-1715
856 4 1 _uhttps://shs.cairn.info/revue-sigila-2008-1-page-199?lang=fr&redirect-ssocas=7080
999 _c1547842
_d1547842